Decorative antique ironwork : (Record no. 5784)

MARC details
000 -LEADER
fixed length control field 01167nac a22003011i 4500
003 - CONTROL NUMBER IDENTIFIER
control field EG-ScBUE
005 - DATE AND TIME OF LATEST TRANSACTION
control field 20221220113500.0
008 - FIXED-LENGTH DATA ELEMENTS--GENERAL INFORMATION
fixed length control field 221220t1968 nyua f 000 0 eng d
020 ## - INTERNATIONAL STANDARD BOOK NUMBER
International Standard Book Number 9780486220826
020 ## - INTERNATIONAL STANDARD BOOK NUMBER
International Standard Book Number 0486220826
040 ## - CATALOGING SOURCE
Original cataloging agency EG-ScBUE
Language of cataloging eng
Description conventions rda
Transcribing agency EG-ScBUE
Modifying agency EG-ScBUE
041 1# - LANGUAGE CODE
Language code of text/sound track or separate title eng
Language code of original and/or intermediate translations of text fre
082 04 - DEWEY DECIMAL CLASSIFICATION NUMBER
Classification number 739.4
Item number DAL
Edition number 22
100 1# - MAIN ENTRY--PERSONAL NAME
Personal name Allemagne, Henry René d',‏
Dates associated with a name 1863-1950,
Relator term author.
245 10 - TITLE STATEMENT
Title Decorative antique ironwork :
Remainder of title a pictorial treasury /
Statement of responsibility, etc by Henry Rene D'Allemagne. Introduction, bibliography, and translation of captions by Vera K. Ostoia, associate curator of medieval art, Metropolitan Museum of Art, New York.
264 #1 - PUBLICATION, DISTRIBUTION, ETC. (IMPRINT)
Place of publication, distribution, etc New York,
Name of publisher, distributor, etc Dover Publications,
Date of publication, distribution, etc [1968]
264 #4 - PUBLICATION, DISTRIBUTION, ETC. (IMPRINT)
Date of publication, distribution, etc c1968
300 ## - PHYSICAL DESCRIPTION
Extent x, 415 pages :
Other physical details illustrations (chiefly color) ;
Dimensions 31 cm
336 ## - CONTENT TYPE
Source rdacontent
Content type term text
Content type code txt
337 ## - MEDIA TYPE
Source rdamedia
Media type term unmediated
Media type code n
338 ## - CARRIER TYPE
Source rdacarrier
Carrier type term volume
Carrier type code nc
546 ## - LANGUAGE NOTE
Language note Text in English ; translated from the original French.<br/>
650 #7 - SUBJECT ADDED ENTRY--TOPICAL TERM
Topical term or geographic name as entry element Art metal-work.
Source of heading or term BUEsh
653 ## - INDEX TERM--UNCONTROLLED
Resource For college Engineering, Architecture
655 ## - INDEX TERM--GENRE/FORM
Form subdivision Reading book
700 1# - ADDED ENTRY--PERSONAL NAME
Personal name Ostoia, Vera K.,
Relator term author of introduction, etc.,
-- translator.
942 ## - ADDED ENTRY ELEMENTS (KOHA)
Koha item type Book - Borrowing
Source of classification or shelving scheme Dewey Decimal Classification
Holdings
Withdrawn status Lost status Source of classification or shelving scheme Damaged status Not for loan Collection code Home library Current library Shelving location Date acquired Source of acquisition Total Checkouts Total Renewals Full call number Barcode Date last seen Date checked out Price effective from Koha item type
    Dewey Decimal Classification     Alahram Central Library Central Library Second Floor 07/11/2005 Purchase 2 1 739.4 DAL 000007465 15/07/2025 02/10/2017 05/11/2007 Book - Borrowing